| LEADER | 01577cam a2200349 i 4500 | ||
|---|---|---|---|
| 001 | u1006149 | ||
| 003 | SIRSI | ||
| 005 | 201305031209 | ||
| 008 | 130503s2014 my a t 000 0 may m | ||
| 040 | |a UMA |d UMM |e rda | ||
| 090 | |a BP42 |b A2 UM 2014 Mohnmz | ||
| 094 | |a BP42 |b A2 UM 2014 Mohnmz | ||
| 100 | 0 | |a Mohd Norazri Mohamad Zaini, |e author | |
| 245 | 1 | 0 | |a Al-Makr terhadap Rasulullah S.A.W. : |b analisis menurut perspektif pemikiran Islam / |c Mohd Norazri bin Mohamad Zaini ; Diselia oleh Prof Madya Dr Che Zarrina Sa'ari. |
| 264 | 1 | |c 2014. | |
| 264 | 4 | |c 2014. | |
| 300 | |a xv, 199 leaves : |b illustrations ; |c 30 cm. | ||
| 336 | |a text |2 rdacontent | ||
| 337 | |a unmediated |2 rdamedia | ||
| 338 | |a volume |2 rdacarrier | ||
| 502 | |b M.Usuluddin |c Jabatan Akidah dan Pemikiran Islam, Akademi Pengajian Islam, Universiti Malaya |d 2014. | ||
| 504 | |a Bibliography: leaves 185-199 | ||
| 600 | 0 | |a Muhammad, |c Prophet, |d d. 632. | |
| 650 | 0 | |a Islam |x History. | |
| 650 | 0 | |a Islamic heresies. | |
| 700 | 0 | |a Che Zarrina Sa'ari, |e degree supervisor. | |
| 710 | 2 | |a Universiti Malaya. |b Jabatan Akidah dan Pemikiran Islam, |e degree granting institution. | |
| 900 | |a NSM-ZA | ||
| 596 | |a 1 12 18 | ||
| 999 | |a BP42 A2 UM 2014 MOHNMZ |w LC |c 1 |i A515936145 |d 25/11/2014 |e 25/11/2014 |f 31/10/2014 |g 1 |l STACKS |m P12ISLAMKL |n 1 |r Y |s Y |t TESIS |u 31/10/2014 | ||
| 999 | |a BP42 A2 UM 2014 MOHNMZ |w LC |c 1 |i A516078695 |d 2/1/2016 |e 2/1/2016 |f 27/10/2015 |g 1 |l STACKS |m P01UTAMA |n 3 |r Y |s Y |t TESIS |u 19/10/2015 | ||
| 999 | |a BP42 A2 UM 2014 MOHNMZ |w LC |c 1 |i A516276470 |f 28/3/2022 |g 1 |l RESERVES |m P18ISLPURI |r Y |s Y |t TESIS |u 18/11/2015 | ||
